1235 1971 1961 1659 1671 1741 1110 1791 1387 1891 1054 1781 1458 1763 1245 1189 1287 1345 1761 1058 1490 1723 1343 1632 1127 1658 1649 1345 1606 1612 1824 1332 1962 1358 1681 1154 1216 1772 1391 1290 1926 1701 1385 1681 1152 1842 1095 1086 1851 1779 1862 1703 1811 1637 1879 1720 1875 1378 1465 1250 1353 1594 1267 1504 1126 1650 1216 1065 1828 1228 1630 1511 1367 1765 1949 1450 1107 1750 1725 1492 1537 1839 1495 1781 1607 1029 1956 1742 1429 1155 1521 1679 1650 1003 1683 1225 1638 1974 1969 BCNSPRNW ULIB Ver.6.0+V

เปลี่ยนเป็นภาษาไทย

Change to English
 แสดงรายละเอียดบรรณานุกรม
  กลับหน้าหลัก

Brief Record : Get Marc (ISO 2709) : E-mail record : QR code < ปิดหน้าต่าง
LEADER : 00000nam 2200000uu 4500
001    13399120456
003     ULIB
008    120920s2550||||th 000 0 tha d
020    ^a9749453557
041 1  ^atha^heng
060 04 ^aWB100^bด897ค
100 1  ^aเคลย์ตัน, เดวิด เจ
245 10 ^aคู่มือรักษาชีวิตสำหรับผู้ที่ใช้ชีวิตแบบไม่ใส่ใจสุขภาพ =^bThe healthy guide to unhealthy living /^cDavid J. Clayton และ Laura Vandekarn เขียน ; มิเชลล์ ชีเกรฟ เดลี่ แปล
246 31 ^aHealthy guide to unhealthy living
260    ^aกรุงเทพฯ :^bตะวันส่อง,^c2550
300    ^a314 หน้า ;^c21 ซม.
650  7 ^aการดูแลสุขภาพด้วยตนเอง
650  7 ^aพฤติกรรมสุขภาพ
650  7 ^aสุขภาพ
700 1  ^aเดลี่, มิเชลล์ ซีเกรฟ,^eผู้แปล
700 12 ^aClayton, David J.^tThe healthy guide to unhealthy living
700 12 ^aVandekarn, Laura.^tThe healthy guide to unhealthy living
945    ^p0^l0^i14344
995    ^aกัณชพร
999 ^a ใช้งานได้ทุกระบบ
รายการนี้ยังไม่มีแท็ก
คุณยังไม่ได้ล็อกอิน คุณสามารถมีกิจกรรมร่วมกับเว็บไซต์ได้ แต่ต้องล็อกอินก่อน ::
  ล็อกอิน

รายการสื่อสารสนเทศ

ลำดับที่ ประเภท เลขเรียก/บาร์โค้ด สถานที่ สถานะ
1. วิทยาศาสตร์การแพทย์ และสุขภาพ
วิทยาศาสตร์การแพทย์ และสุขภาพ
WB100 ด897ค  
  Barcode: 14344
ห้องสมุดวิทยาเขตนครสวรรค์
►หนังสือทั่วไป:l:General Books
บนชั้น

รายการใกล้เคียง
    หัวเรื่อง [การดูแลสุขภาพด้วยตนเอง]
    หัวเรื่อง [พฤติกรรมสุขภาพ]
    หัวเรื่อง [สุขภาพ]

BibComment


ยังไม่เคยถูกคอมเมนท์

คอมเมนท์ทรัพยากรรายการนี้
  คอมเมนท์: คู่มือรักษาชีวิต..


 Copyright 2026. Bcnsprnw @Library